000 07770namaa22004451i 4500
003 EG-GICUC
005 20260412112614.0
008 260328s2025 ua a|||frm||| 000 0 eng d
040 _aEG-GICUC
_beng
_cEG-GICUC
_dEG-GICUC
_erda
041 0 _aeng
_beng
_bara
049 _aDeposit
082 0 4 _a615.82
092 _a615.82
_221
097 _aM.Sc
099 _aCai01.21.11.M.Sc.2025.Ah.E
100 0 _aAhmed Al Sayed Ahmed Abd El Rahman,
_epreparation.
245 1 0 _aEffect of action observation training versus task oriented training on reaching and hand function in patients with chronic stroke :
_bA randomized controlled study /
_cby Ahmed Al Sayed Ahmed Abd El Rahman ; Supervisors Prof. Dr. Rasha Mohamed El Rewainy, Prof. Dr. Ebtesam Mohamed Fahmy, Dr. Rowida Abd El Galel.
246 1 5 _aتأثير التدريب بمراقبة الفعل ضدالتدريب نحو المهام علي الوصول و تحسين وظائف اليد في مرضي السكتة الدماغية المزمنة :
_bدراسة عشوائية محكومة
264 0 _c2025.
300 _a92 pages :
_billustrations ;
_c25 cm. +
_eCD.
336 _atext
_2rda content
337 _aUnmediated
_2rdamedia
338 _avolume
_2rdacarrier
502 _aThesis (M.Sc)-Cairo University, 2025.
504 _aBibliography: pages 75-87.
520 3 _aBackground: Stroke is characterized by the sudden onset of clinical signs indicating focal or global disruption of cerebral function, with symptoms persisting for at least 24 hours or resulting in death.Purpose: To compare betweenthe effect of Action Observation Training versus Task Oriented Training on reaching and hand function in patients with Chronic Stroke. Methods: Thirty Ninemale chronic strokepatients, aged from 50 to 65 years were included in the study. They were randomly assigned into three equal groups: Group “A” was the control group, Group “B” was the study group I and Group “C” was the study group II). Patients in the control group received a selected physical therapy program for upper limb for 60 minutes, patients in group B received Task Oriented Training for upper limb for 30 minutes and the same selected physical Therapy program for upper limb for 30 minutes, while patients in group C received Action Observation Training for upper limb for 30 minutes and the same selected Physical Therapy Program for upper limb for 30 minutes. Treatment was conducted three times per week for four consecutive weeks. Reaching and Hand Function measurements were assessed using Reaching Performance Scale for stroke (RPSS), WolF Motor Function Test (WMFT) and hand held dynamometer (HHD) pre and post treatment.Results:There was a significant increase in hand grip strength and scores of wolf motor function test and reaching performance scale in the three groupspost treatment (p < 0.05). Moreover, there was a significant difference between the three groups post treatment in all measured outcomes (p < 0.05).Pairwise analysis revealed significant increase hand grip strength, wolf motor function test, reaching performance scale close target & reaching performance scale far target in group C compared to groups A & B. Also, there was a significant difference between groupsA and B in favor of group B.Conclusion: Action Observation Training is more beneficial than Task Oriented Training on reaching andhand function in patients with chronic stroke.
520 3 _aمرجعية: السكتة الدماغية هي علامات سريرية سريعة التطور لاضطراب بؤري (أو شامل) في وظائف الدماغ، مع استمرار الأعراض لمدة أربعة و عشرون ساعة أو أكثر، أو قد تؤدي إلى الوفاة. غالبًا ما يظهر ضعف اليد في المرحلة المزمنة بعد السكتة الدماغية، ويتجلى غالبًا في انخفاض قوة الأصابع واختلال في ثني اليد. يُعدّ الوصول إلى اليد أمرًا ضروريًا للأنشطة اليومية مثل الشرب، واستخدام شاشة اللمس، أو تشغيل أزرار المصعد.الغرض: دراسة فعالية التدريب بمراقبة الفعلضدالتدريب نحو المهام في تحسين الوصول ووظائف اليد لدى مرضى السكتة الدماغية المزمنة. طرق البحث: أُجريت الدراسة على تسعة وثلاثين ذكراً مريضًا بالسكتة الدماغية المزمنة، تراوحت أعمارهم بين خمسونوخمسة و ستونعامًا، تم توُزيّعهم عشوائيًا إلى ثلاث مجموعات متساوية (المجموعة "أ" (المجموعة الضابطة)، والمجموعة "ب" (مجموعة الدراسة 1) والمجموعة "ج" (مجموعة الدراسة 2). تلقى مرضى المجموعة الضابطة برنامجًا علاجا طبيعيًا محددًا للطرف العلوي لمدة ستون دقيقة، وتلقى مرضى المجموعة (ب) تدريبًا نحو المهام للطرف العلوي لمدة ثلاثون دقيقة مع نفس برنامج العلاج الطبيعي المحدد للطرف العلوي لمدة ثلاثون دقيقة, بينما تلقى مرضى المجموعة (ج) تدريبًا على مراقبة الفعل للطرف العلوي لمدة ثلاثون دقيقة مع نفس برنامج العلاج الطبيعي المحدد للطرف العلوي لمدة ثلاثون دقيقة. أُجري العلاج ثلاث مرات أسبوعيًا لمدة أربعة أسابيع متتالية.تم تقييم قياسات الوصول ووظيفة اليد باستخدام مقياس القوة المحمول باليد، ومقياس أداء الوصول لمرضي السكتة الدماغية، وإختبار وولفلوظائف الحركة، ومقارنتها لجميع المجموعات قبل و بعد العلاج.النتائج:أظهرت نتائج ما بعد العلاج وجود زيادة ذات دلالة إحصائية في المجموعات الثلاث في قياسات قوة قبضة اليد، وإختبار وولف لوظائف الحركة، ومقياس أداء الوصول لمرضي السكتة الدماغية للهدف القريب و الهدف البعيد. كما أظهرت النتائج بعد العلاج وجود فارق إحصائي بين المجموعات الثلاث في قوة قبضة اليد، ومتوسط درجات إختبار وولف لوظائف الحركة، ومقياس أداء الوصول لمرضيالسكتة الدماغية للهدف القريب و الهدف البعيد حيث كان التحسن أكبر في المجموعة (ج) مقارنةً بالمجموعتين (أ) و(ب)كذلك في المجموعة (ب) مقارنةً بالمجموعة (أ).
530 _aIssues also as CD.
546 _aText in English and abstract in Arabic & English.
650 0 _aPhysical Therapy
650 0 _aالعلاج الطبيعي
653 1 _aStroke
_aAction Observation Training
_aTask Oriented Training
_aReaching
_aHand Function
_aالسكتة الدماغية
_aالتدريب بمراقبة الفعل
700 0 _aRasha Mohamed El Rewainy
_ethesis advisor.
700 0 _aEbtesam Mohamed Fahmy
_ethesis advisor.
700 0 _aRowida Abd El Galel
_ethesis advisor.
900 _b01-01-2025
_cRasha Mohamed El Rewainy
_cEbtesam Mohamed Fahmy
_cRowida Abd El Galel
_UCairo University
_FFaculty of Physical Therapy
_DDepartment of Physical Therapy for Neurology
905 _aShimaa
_eEman Ghareb
942 _2ddc
_cTH
_e21
_n0
999 _c179066